| 000 | 00741nam a22001697a 4500 | ||
|---|---|---|---|
| 020 | _a9789385152146 | ||
| 082 |
_a823 _bAMI/R |
||
| 100 | _aAMISH TRIPATI | ||
| 245 |
_aRAM SCION OF ISHVAKU _bBOOK -1 RAMCHANDRA SERIES |
||
| 246 |
_aRAM SCION OF ISHVAKU _bRAM SCION OF ISHVAKU |
||
| 260 |
_aCHENNAI _bWESTLAND _c2015 |
||
| 300 | _a154 | ||
| 490 | _aRAM CHANDRA SERIES | ||
| 520 | _aThe story begins with King Dashrath of Ayodhya being defeated in a war by Lankan trader Raavan, and the birth of his son Ram. It follows through Ram's childhood and tutelage, along with the politics surrounding his ascension to the throne, and ultimately his 14-year exile, accompanied by wife Sita and brother Lakshman. | ||
| 650 | _aABOUT RAM | ||
| 942 | _cBK | ||
| 999 |
_c8481 _d8481 |
||